Zgadnij stolicę po kształcie kraju. - Statystyki

Ogólne statystyki
  • Ten quiz został rozwiązany 25 razy
  • Średni wynik to 7 z 10
Statystyki odpowiedzi
Obrazkowy Odpowiedź % Poprawnych
Algier
100%
Madryt
100%
Oslo
100%
Brasilia
95%
Tokio
95%
Windhuk
60%
Luksemburg
55%
Bagdad
35%
Santo Domingo
35%
Yaren
25%
Nie znaleziono quizów pasujących do podanych kryteriów
Rozkład punktacji
Procent ludzi z każdym wynikiem
Percentyl według liczby udzielonych odpowiedzi
Twoja historia wyników
Nie rozwiązałeś tego quizu